| 000 | 00561nam a22001457a 4500 | ||
|---|---|---|---|
| 003 | macl | ||
| 005 | 20190320171636.0 | ||
| 008 | 190320b xxu||||| |||| 00| 0 eng d | ||
| 040 | _cmacl | ||
| 100 |
_aशास्त्री,डाॅ. ब्रहाचारी व्यासनन्दन _973883 |
||
| 245 | _aवैदिक यज्ञों की वैज्ञानिकता | ||
| 260 |
_aबिहार _bसमीक्षा प्रकाशन _c2013 |
||
| 650 |
_aहिन्दू धर्म _971828 |
||
| 942 |
_2ddc _cHIN |
||
| 999 |
_c59068 _d59068 |
||